000 00535nam a2200169 i 4500
001 137789
003 ES-MaACL
005 20230906195436.0
007 t|
008 070214s1969 sp r ||||1| spa d
100 1 _aSalinas Quijada, Francisco.
_9101950
245 1 4 _aLas migraciones interiores y la delincuencia infantil y juvenil /
_cFrancisco Salinas Quijada.
260 _aPamplona :
_bAranzadi,
_c1969.
300 _a61 p. ;
_c21 cm.
650 4 _aMigración interior-
_zEspaña.
_9143461
852 _aES-MaACL
_jC-46181
_bR.73890
999 _c137789
_d137789